header

Notes on feline internal medicine (Record no. 37173)

MARC details
000 -LEADER
fixed length control field 02159nam a2200361 a 4500
082 04 - DEWEY DECIMAL CLASSIFICATION NUMBER
Classification number 636.8089
100 1# - MAIN ENTRY--AUTHOR NAME
Personal name Sturgess, Kit.
245 10 - TITLE STATEMENT
Title Notes on feline internal medicine
250 ## - EDITION STATEMENT
Edition statement 2nd ed.
260 ## - PUBLICATION, DISTRIBUTION, ETC. (IMPRINT)
Place of publication Chichester, West Sussex :
Name of publisher Wiley-Blackwell,
Year of publication 2013.
300 ## - PHYSICAL DESCRIPTION
Number of Pages xii, 428 p. :
Other physical details ill.
490 0# - SERIES STATEMENT
Series statement Notes on
505 0# - FORMATTED CONTENTS NOTE
Formatted contents note section 1. Key topics in feline medicine -- section 2. Clinical signs -- section 3. Common abnormalities of haematology, biochemistry and urinalysis -- section 4. Organ systems -- section 5. Infectious disease.
520 ## - SUMMARY, ETC.
Summary, etc "A unique text providing a quick, accessible, comprehensive, practical guide to help clinicians get started with a problem-solving approach to a sick cat. Published as part of the 'Notes on' series, it is written in an accessible note-based style, giving readers quick access to the most recent clinical and diagnostic guidance. This new edition includes new sections on sedation and anaesthesia, health screening, oncology, algorithms for critical care and practical tips on diagnostic techniques. The focus is on common conditions, and the second edition has been improved to avoid repetition of information"--Provided by publisher.
650 #0 - SUBJECT ADDED ENTRY--TOPICAL TERM
Topical Term Cats
Topical Term Veterinary internal medicine
856 40 - ELECTRONIC LOCATION AND ACCESS
Uniform Resource Identifier http://site.ebrary.com/lib/rucke/Doc?id=10728348

No items available.

© 2026 Rongo University
Contact us: librarian | system librarian | Rongo university